Mapa de ciudades de España que comienzan con A - Estadísticas

Estadísticas generales
  • Esta prueba ha sido intentada 333 veces
  • La puntuación promedio es 9 de 10
Respuestas en el mapa
Las respuestas están codificadas por una escala verde-roja en el mapa de la prueba según el % correcto abajo.
 
Estadísticas de respuestas
Respuesta % Correcto
A Coruña
98%
Alicante
93%
Albacete
92%
Almería
92%
Algeciras
90%
Arrecife
90%
Alcorcón
88%
Avilés
84%
Alcalá de Guadaíra
76%
Arona
56%
No se encontraron pruebas coincidentes
Distribución de puntuación
Porcentaje de gente con cada puntuación
Porcentaje por número respondido
Historial de tus puntuaciones
No has intentado esta prueba.